| 000 | 00547nam a2200193Ia 4500 | ||
|---|---|---|---|
| 005 | 20250508162022.0 | ||
| 008 | 008 250505s9999 xx 000 0 eng d | ||
| 020 | _a0-87705-329-4 | ||
| 037 | _aTextual | ||
| 040 |
_aFEDL _beng _cFEDL |
||
| 041 |
_aeng _2eng |
||
| 084 |
_a304.6, ABE _qFEDL |
||
| 100 |
_aAbernethy Virginia _9146371 |
||
| 245 | 0 | _aPopulation pressure and cultural adjustment | |
| 260 |
_aNew York, USA _bHuman Sciences Press _c1979 |
||
| 300 | _a189p | ||
| 942 |
_cTEXL _h304.6, ABE |
||
| 999 |
_c1373861 _d1373861 |
||